| Tag |
First Indicator |
Second Indicator |
Subfields |
| LEADER |
00000cam a2200000 4500 |
| 001 |
in00000067421 |
| 005 |
20151008051935.0 |
| 008 |
800508s1958 nyu 10000 eng d |
| 035 |
|
|
|a (OCoLC)06298345
|
| 035 |
|
|
|9 AAH0847AM
|
| 040 |
|
|
|a TXA
|c TXA
|d UtOrBLW
|
| 049 |
|
|
|a TXAM
|c [308004]
|
| 090 |
|
|
|a UA23
|b .N37 1958
|
| 092 |
|
|
|a 355.43
|b N277n
|
| 111 |
2 |
|
|a National Military-Industrial Conference.
|
| 245 |
1 |
0 |
|a National strategy in an age of revolutions.
|
| 264 |
|
1 |
|a New York :
|b Praeger,
|c [1958]
|
| 300 |
|
|
|a 282 pages
|
| 336 |
|
|
|a text
|b txt
|2 rdacontent
|
| 337 |
|
|
|a unmediated
|b n
|2 rdamedia
|
| 338 |
|
|
|a volume
|b nc
|2 rdacarrier
|
| 490 |
0 |
|
|a Its Addresses and panel discussions, 1958
|
| 650 |
|
0 |
|a Strategy.
|
| 651 |
|
0 |
|a United States
|x Military policy.
|
| 999 |
|
|
|a MARS
|
| 999 |
f |
f |
|s 9b7579b8-b865-3648-96d2-99425ba97580
|i b1d8a60d-6994-3cec-a85e-209524587a46
|t 0
|
| 952 |
f |
f |
|p ric
|a Texas A&M University
|b Rellis Campus
|c Joint Library Facility
|d Remote Storage
|t 0
|e UA23 .N37 1958
|h Library of Congress classification
|i unmediated -- volume
|m A14800805758
|
| 998 |
f |
f |
|a UA23 .N37 1958
|t 0
|l Remote Storage
|